Những vấn đề kinh tế - xã hội nổi bật của LB Nga 2008 - triển vọng 2009 /
Guardat en:
| Autor principal: | |
|---|---|
| Format: | Article |
| Idioma: | Vietnamese |
| Matèries: | |
| Etiquetes: |
Afegir etiqueta
Sense etiquetes, Sigues el primer a etiquetar aquest registre!
|
| Thư viện lưu trữ: | Thư viện Trường Đại học Đà Lạt |
|---|
| LEADER | 00856nam a2200289 4500 | ||
|---|---|---|---|
| 001 | DLU090074850 | ||
| 005 | ##20090612 | ||
| 040 | # | # | |a DLU |b vie |
| 041 | # | # | |a vie |
| 044 | # | # | |a vn |
| 100 | # | # | |a Nguyễn Cảnh Toàn, |c TS. |
| 245 | # | # | |a Những vấn đề kinh tế - xã hội nổi bật của LB Nga 2008 - triển vọng 2009 / |c Nguyễn Cảnh Toàn. |
| 653 | # | # | |a Giải pháp |
| 653 | # | # | |a Khủng hoảng tài chính |
| 653 | # | # | |a Kinh tế thế giới |
| 653 | # | # | |a Nga |
| 773 | # | # | |t Nghiên cứu Châu Âu |g Số 4(103), 2009, tr. 36-53 |
| 920 | # | # | |a Phòng Tạp chí -- Trung tâm Thông tin - Thư viện Trường Đại học Đà Lạt |
| 933 | # | # | |a XH |
| 994 | # | # | |a DLU |
| 900 | # | # | |a True |
| 911 | # | # | |a Hoàng Thị Huyền |
| 925 | # | # | |a G |
| 926 | # | # | |a A |
| 927 | # | # | |a BB |
| 980 | # | # | |a Thư viện Trường Đại học Đà Lạt |